| 000 | 00580nam a22002057a 4500 | ||
|---|---|---|---|
| 005 | 20240918140808.0 | ||
| 008 | 240909b |||||||| |||| 00| 0 eng d | ||
| 020 |
_a978-93-5817-941-5 _cRs.480.00 |
||
| 040 | _aLoreto College | ||
| 041 | _aEnglish | ||
| 082 |
_a910 _bMUK |
||
| 100 | _aMukherjee, Anuradha | ||
| 245 |
_aCISCE Longman geography enriched 6 _cAnuradha Mukherjee and Rupasree Mukherjee |
||
| 260 |
_aMumbai _bPearson _cc2024 |
||
| 300 |
_a96p. _b26cm. |
||
| 650 | _aGeography for class 6 | ||
| 700 |
_4Auth _aMukherjee, Rupasree |
||
| 850 | _aLCLIB | ||
| 942 | _cBK | ||
| 999 |
_c43865 _d94344 |
||